000
00341nam a2200157Ia 4500
003
OSt
005
20240127112430.0
008
170524s9999 xx 000 0 und d
020
_a
9788123914480
040
_c
iimtu
100
_a
Hussain- Ashfaq
245
0
_a
Electrical Power Systems
260
_b
CBS
260
_c
2010
942
_2
ddc
_c
02
999
_c
5941
_d
5941